Tucídides : (Registro nro. 68313)
[ vista simple ]
| 000 -LÍDER | |
|---|---|
| Campo fijo de descripción fija | 02030nab a2200193 i 4500 |
| 001 - NÚMERO DE CONTROL | |
| Campo de control | 768714001 |
| 003 - IDENTIFICADOR DEL NÚMERO DE CONTROL | |
| Campo de control | CO-MdFUSB |
| 005 - FECHA Y HORA DE LA ULTIMA TRANSACCIÓN | |
| control field | 20221020143358.0 |
| 008 - ELEMENTOS DE LONGITUD FIJA -- INFORMACIÓN GENERAL | |
| Campo fijo de descripción fija -- Información general | 221020s1990 sp ||||| |||| 00| 0 spa d |
| 040 ## - FUENTE DE CATALOGACIÓN | |
| Idioma de catalogación | spa |
| Agencia que realiza la transcripción | CO-MdFUSB |
| Agencia que realiza la modificación | CO-MdFUSB |
| 041 ## - CÓDIGO DE IDIOMA | |
| Código de idioma para texto/pista de sonido o título separado | spa |
| 100 ## - ASIENTO PRINCIPAL--NOMBRE PERSONAL | |
| Nombre personal | Alsina, José, |
| Término relacionador | autor |
| 245 ## - TÍTULO | |
| Título | Tucídides : |
| Subtitulo | una guerra y su historiador. Tucídides y la guerra del Peloponeso |
| Mención de responsabilidad | / José Alsina |
| 300 ## - DESCRIPCIÓN FÍSICA | |
| Extensión | Número 20, (1990), páginas 27- 64 |
| Dimensiones | ; 27 cm. |
| 520 ## - NOTA DE RESUMEN, ETC. | |
| Nota de sumario, etc. | La Historia de Tucídides es el primer intento, en la cultura occidental, por abordar, de un modo serio y objetivo, el problema de las causas de la guerra y de sus consecuencias espirituales sobre los hombres que han vivido la experiencia bélica. Es, al tiempo, una profunda reflexión sobre el poder. Su autor era un ex perto militar y un hombre interesado en profundizar en los más íntimos secretos del alma humana. Todo el mecanismo que conduce al dominio de las masas por parte de los políticos, al conocimiento por parte de esos políticos de las reacciones de las masas para lo grar imponer sus propios criterios, el dominio de la retórica política para conseguir que las tesis de los lí deres triunfen en los debates públicos, son los temas que una y otra vez afloran en su Historia. Tucídides es el descubridor de la historia política y militar, y por ello su obra no puede leerse sin contar con un auxiliar que permita seguir paso a paso su pensamiento. La finalidad del presente trabajo es, precisamente, ofrecer al lector ese medio necesario para seguir, sin perderse, el relato del autor. Es el presente un estudio que se ha concebido como un vademécum del lector de Tucídides. Se analiza en él, párrafo a párrafo, el contenido militar y político de lo que dice Tucídides en su obra, intercalando, en cada caso, la bibliografía pertinente sobre el tema. |
| 650 #7 - ASIENTO SECUNDARIO DE MATERIA - TERMINO TEMÁTICO | |
| 9 (RLIN) | 7022 |
| Término temático o nombre geográfico como elemento de entrada | Historia |
| 773 0# - ASIENTO DE ITEM FUENTE | |
| Biblionumber | 68212 |
| Itemnumber | 81328 |
| Otro identificador del ítem | R2115 |
| Título | Anthropos : |
| Número de control del registro | (CO-MdFUSB)768714001 |
| Parte(s) relacionada(s) / Volumen., número. (mes año), páginas | Número 20, (1990), páginas 27- 64 |
| Enumeración y primera página | páginas 27 |
| 942 ## - TIPO DE MATERIAL (KOHA) | |
| Tipo de Item KOHA | Artículos de Revista |
No hay ítems disponibles.
